000 00492nam a22001937a 4500
003 OSt
008 240829b |||||||| |||| 00| 0 eng d
020 _a9789332574120
082 _a658.8 ROF
100 _aROBBINS, Stephen P.
245 _aFundamentals of Management Essential Concepts & Applications
250 _a9th. ed.
260 _aNoida,
_bPearson,
_c2024,
300 _a504 p.
650 _aCommerce
700 _aCOULTER, Mary
700 _aCENZO, David De
942 _2ddc
_cBK
999 _c12857
_d12857